000 00619nam a2200181Ia 4500
008 090123s9999 xx 000 0 und d
082 _b15726
_a891.463/देसाई
100 _aदेसाई नयनतारा
245 _aतेवतो नंदादिप हा
250 _a1
260 _bपरिमल प्रकाशन
_c1982
300 _a191
600 _aदेसाई नयनतारा
630 _aतेवतो नंदादिप हा
700 _aदेसाई नयनतारा
730 _aतेवतो नंदादिप हा
942 _cBOOK
999 _c53868
_d53868